| 000 | 00736nam a2200229 i 4500 | ||
|---|---|---|---|
| 001 | 15449 | ||
| 003 | ES-MaACL | ||
| 005 | 20231125063005.0 | ||
| 007 | t| | ||
| 008 | 000313s1999 sp ||||1| spa d | ||
| 020 | _a84-699-1613-0 | ||
| 080 | _a821.134.2-34"19" | ||
| 100 | 1 |
_aDíez, Luis Mateo, _d1942- _944658 |
|
| 245 | 1 | 3 |
_aEl árbol de los cuentos / _cLuis Mateo Díez. |
| 260 |
_aMadrid : _bFederación de Asociaciones de Profesores de Español, _c1999. |
||
| 300 |
_a34 p. ; _c12X17 cm. |
||
| 490 | 1 | _aExamen de ingenios | |
| 710 | 2 |
_aFederación de Asociaciones de Profesores de Español. _94094 |
|
| 830 | 0 |
_aExamen de ingenios _9186630 |
|
| 852 |
_aES-MaACL _j2131-F-5 _bR.128177 |
||
| 999 |
_c15449 _d15449 |
||